000 00506nab a2200145Ia 4500
003 ES-SlBCS
005 20210601135220.0
008 140529s2003 xxu||||| |||| 00| 0 spa d
041 _aspa
100 1 _aMatas Terrón, Antonio
_9229596
245 0 0 _aLos juegos de simulación como recurso formativo. Una aplicación en Educación Ambiental
_c Antonio Matas Terrón
650 0 4 _aEducación Ambiental-Juegos de Rol
_9229597
773 0 _tBordon
_gvol. 55, nº. 2, 2003, págs. 281-291
_wRev1090
942 _cAR
999 _c624693
_d624693